[Event "Najdorf Memorial"]
[Site "Warsaw POL"]
[Date "2023.07.11"]
[Round "1.1"]
[White "Szewczyk, Mariusz"]
[Black "Tomczak, Jacek"]
[Result "1/2-1/2"]
[WhiteElo "2128"]
[BlackElo "2606"]

1. e4 c6 2. d4 d5 3. e5 Bf5 4. Nf3 e6 5. Be2 Ne7 6. O-O c5 7. c4 Nbc6 8.
Nc3 a6 9. Be3 cxd4 10. Bxd4 dxc4 11. Bxc4 Bg4 12. Ne2 Bxf3 13. gxf3 Ng6 14.
f4 Nxf4 15. Nxf4 Qxd4 16. Qxd4 Nxd4 17. Kg2 Nc6 18. Rfe1 O-O-O 19. Rac1 Rd4
20. Bxa6 Kb8 21. Ne2 Rb4 22. f4 Rb6 23. Bc4 Rxb2 24. Rb1 Rb4 25. Bb5 Kc7
26. Rxb4 Bxb4 27. Rc1 Rd8 28. Rc4 Rd2 29. Kf3 Be7 30. a4 Kb6 31. Rc3 g5 32.
Rb3 Kc7 33. Rc3 Kb6 34. Rb3 Kc7 35. Rc3 h5 36. h3 Kb6 37. Rb3 Kc7 38. Rc3
gxf4 39. Kxf4 Kb6 40. Rb3 Nb4 41. Ke3 Rd8 42. Nf4 h4 43. Ke4 Ka7 44. Rc3
Kb8 45. Rb3 Kc7 46. Rc3+ Nc6 47. Rd3 Rg8 48. Rf3 Na7 49. Bc4 Nc6 50. Nd3
Rd8 51. Bb5 Rd4+ 52. Ke3 Bg5+ 53. Kf2 Nd8 54. Ke2 Kb6 55. Kf2 Re4 56. Be8
Rc4 57. Bb5 Rc2+ 58. Kf1 Rc7 59. Rf2 Nc6 60. Rc2 Rd7 61. Rb2 Rd4 62. Rg2
Bh6 63. Rb2 Be3 64. Ke2 Bf4 65. Nxf4 Rxf4 66. Ke3 Rb4 67. Rxb4 Nxb4 68. Be8
Nd5+ 69. Kd4 Nf4 70. Bxf7 Nxh3 71. Bxe6 Nf4 72. Bg4 h3 73. Ke3 Nd5+ 74. Ke4
h2 75. Bf3 Kc5 76. a5 Ne7 77. Kf4 Kb5 78. Kg3 Kxa5 79. Bxb7 Kb6 1/2-1/2

[Event "Najdorf Memorial"]
[Site "Warsaw POL"]
[Date "2023.07.11"]
[Round "1.2"]
[White "Kazakouski, Valery"]
[Black "Gorkiewicz, Mateusz"]
[Result "1-0"]
[WhiteElo "2539"]
[BlackElo "2122"]

1. d4 Nf6 2. c4 e6 3. Nc3 d5 4. cxd5 exd5 5. Bg5 Be7 6. e3 c6 7. Bd3 Nbd7
8. Bf4 O-O 9. h3 Nb6 10. Nf3 Be6 11. O-O h6 12. Bh2 Rc8 13. Qe2 a6 14. Rad1
Re8 15. Bb1 Bb4 16. Rc1 c5 17. dxc5 Rxc5 18. Be5 Nc4 19. Bd4 Rc8 20. Rfd1
Qe7 21. a3 Bxc3 22. Bxc3 Ne4 23. Be1 Rc7 24. Nd4 Rec8 25. Bb4 Ncd6 26. Rxc7
Qxc7 27. f3 Nf6 28. e4 Nc4 29. b3 Ne5 30. f4 Nc6 31. Nxe6 fxe6 32. e5 Nd7
33. Bd6 Qb6+ 34. Kh2 Qxb3 35. Qg4 d4 36. Be4 Nf8 37. Rd3 Qb5 38. Rg3 g5 39.
Bxf8 Kxf8 40. Qxe6 Rc7 41. Qxh6+ 1-0

[Event "Najdorf Memorial"]
[Site "Warsaw POL"]
[Date "2023.07.11"]
[Round "1.3"]
[White "Bazilius, Augustinas"]
[Black "Rozentalis, Eduardas"]
[Result "0-1"]
[WhiteElo "2110"]
[BlackElo "2496"]

1. d4 Nf6 2. c4 e6 3. Nf3 Bb4+ 4. Bd2 c5 5. Bxb4 cxb4 6. a3 bxa3 7. Nxa3
O-O 8. e3 d6 9. Nc2 Qc7 10. Be2 e5 11. b4 Bg4 12. O-O Nbd7 13. Nd2 Bf5 14.
Na3 a6 15. Qb3 exd4 16. exd4 Rfe8 17. Bd3 Bg4 18. Rfe1 Nf8 19. Ne4 Nxe4 20.
Rxe4 Rxe4 21. Bxe4 Re8 22. Re1 Bf5 23. Qb1 Rxe4 0-1

[Event "Najdorf Memorial"]
[Site "Warsaw POL"]
[Date "2023.07.11"]
[Round "1.4"]
[White "Jakubowski, Krzysztof"]
[Black "Orzechowski, Jacek"]
[Result "1-0"]
[WhiteElo "2486"]
[BlackElo "2105"]

1. e4 e6 2. d4 d5 3. Nc3 Bb4 4. e5 Ne7 5. a3 Bxc3+ 6. bxc3 b6 7. Qg4 Ng6 8.
h4 h5 9. Qg3 Ba6 10. Bxa6 Nxa6 11. Bg5 Qd7 12. a4 Nb8 13. Ne2 Nc6 14. Qf3
Nge7 15. Nf4 O-O-O 16. Nxh5 Rdg8 17. a5 Nxa5 18. Qxf7 Nac6 19. Nf4 1-0

[Event "Najdorf Memorial"]
[Site "Warsaw POL"]
[Date "2023.07.11"]
[Round "1.5"]
[White "Markowski, Damian"]
[Black "Gagare, Shardul"]
[Result "1/2-1/2"]
[WhiteElo "2104"]
[BlackElo "2480"]

1. d4 Nf6 2. Bf4 d5 3. e3 c5 4. Nf3 Nc6 5. Nbd2 cxd4 6. exd4 Qb6 7. Nb3 Bf5
8. c3 e6 9. a4 a6 10. Be2 Be7 11. O-O O-O 12. Ne5 Rfd8 13. a5 Qa7 14. Re1
Rac8 15. Bf1 Ne4 16. Nd3 Re8 17. Kh1 h6 18. f3 Nd6 19. Nbc5 Nb5 20. Qd2
Bxd3 21. Nxd3 b6 22. Ne5 bxa5 23. Nxc6 Rxc6 24. Rxa5 Qb7 25. Rea1 Bd6 26.
Bxd6 Rxd6 27. Bxb5 axb5 28. Ra7 Qc8 29. Qf4 Rd7 30. h3 Red8 31. Qe5 Rb7 32.
f4 Qd7 33. Rxb7 Qxb7 34. f5 exf5 35. Qxf5 Re8 36. Qf3 Re4 37. Qd3 h5 38.
Qg3 b4 39. Rf1 Re2 40. cxb4 Qe7 41. Qf3 1/2-1/2

[Event "Najdorf Memorial"]
[Site "Warsaw POL"]
[Date "2023.07.11"]
[Round "1.7"]
[White "Adamski, Jan"]
[Black "Jarmula, Lukasz"]
[Result "0-1"]
[WhiteElo "2099"]
[BlackElo "2435"]

1. Nf3 b6 2. g3 Bb7 3. Bg2 g6 4. O-O Bg7 5. d4 Nf6 6. c4 O-O 7. Nc3 Ne4 8.
Bd2 c5 9. Nxe4 Bxe4 10. Bc3 Nc6 11. e3 Rc8 12. Rc1 cxd4 13. Nxd4 Bxg2 14.
Kxg2 Nxd4 15. Bxd4 e5 16. Bc3 Rxc4 17. Qd5 Rc5 18. Qd6 Qa8+ 19. Kg1 Rd5 20.
Qb4 Rc5 21. Qa4 b5 22. Qa6 Rfc8 23. Rcd1 d5 24. a3 R8c6 25. Qa5 Qc8 26. Bb4
Ra6 27. Qxa6 Qxa6 28. Bxc5 Qc6 29. b4 h5 30. f3 a5 31. Rf2 a4 32. Rfd2 d4
33. exd4 exd4 34. Kf2 Qe6 35. Rd3 Qh3 36. Kg1 h4 37. g4 Be5 38. R1d2 Bf4
39. Re2 0-1

[Event "Najdorf Memorial"]
[Site "Warsaw POL"]
[Date "2023.07.11"]
[Round "1.8"]
[White "Sieciechowicz, Marcin"]
[Black "Sanz Losada, Victoriano"]
[Result "1-0"]
[WhiteElo "2395"]
[BlackElo "2092"]

1. d4 Nf6 2. c4 c5 3. d5 b5 4. cxb5 a6 5. bxa6 Bxa6 6. Nc3 g6 7. Nf3 Bg7 8.
g3 O-O 9. Bg2 d6 10. O-O Nbd7 11. Rb1 Qa5 12. Bd2 Rfb8 13. b3 Nb6 14. a4
Qb4 15. Ne1 Qg4 16. Nc2 Bb7 17. Ne3 Qd7 18. Qc2 e6 19. dxe6 fxe6 20. Bxb7
Rxb7 21. Rfd1 Qc6 22. Nb5 Ne4 23. Nc4 Rf7 24. f3 Nxd2 25. Qxd2 d5 26. Nxb6
Qxb6 27. Kg2 Rd8 28. Rbc1 Rfd7 29. Qe3 Rc8 30. b4 Bf8 31. Rc2 Rc6 32. bxc5
Rxc5 33. Rxc5 Bxc5 34. Qe5 Bf8 35. Rc1 Rf7 36. Rc7 h6 37. Rxf7 Kxf7 38.
Qc7+ Qxc7 39. Nxc7 Bb4 40. Kf2 Ke7 41. Ke3 Bc5+ 42. Kd3 Bg1 43. h3 Kd6 44.
Nb5+ Kc5 45. e3 e5 46. Nc3 d4 47. exd4+ Bxd4 48. a5 h5 49. a6 Kc6 50. Kc4
Bf2 51. g4 hxg4 52. hxg4 Kb6 53. Ne4 Bd4 54. Kd5 Kxa6 55. Ke6 Kb5 56. Kf6
Kc4 57. Kxg6 Be3 58. Kf5 Kd5 1-0

[Event "Najdorf Memorial"]
[Site "Warsaw POL"]
[Date "2023.07.11"]
[Round "1.9"]
[White "Minald, Andrey"]
[Black "Romanishin, Oleg M"]
[Result "1/2-1/2"]
[WhiteElo "2091"]
[BlackElo "2389"]

1. d4 Nf6 2. c4 e6 3. Nf3 b6 4. g3 Ba6 5. Qc2 Bb7 6. Bg2 c5 7. O-O cxd4 8.
Nxd4 Bxg2 9. Kxg2 Qc8 10. b3 Nc6 11. Bb2 Be7 12. Nd2 O-O 13. N2f3 Qb7 14.
Rac1 Rac8 15. Qb1 Nxd4 16. Bxd4 d5 1/2-1/2

[Event "Najdorf Memorial"]
[Site "Warsaw POL"]
[Date "2023.07.11"]
[Round "1.10"]
[White "Langheinrich, Ferenc"]
[Black "Majek, Kacper"]
[Result "1-0"]
[WhiteElo "2385"]
[BlackElo "2090"]

1. e4 e5 2. Nf3 Nc6 3. g3 Nf6 4. d3 d5 5. exd5 Qxd5 6. Nc3 Bb4 7. Bg2 Be6
8. O-O Qd7 9. a3 Bd6 10. b4 h6 11. Re1 O-O 12. Bb2 Bg4 13. Ne4 Nxe4 14.
dxe4 Rfd8 15. c3 a5 16. Qc2 Qe6 17. Nd2 h5 18. Nf1 Be7 19. Ne3 Bg5 20. Nd5
Rac8 21. Bc1 Bf6 22. Be3 Bh3 23. Red1 Bxg2 24. Kxg2 b6 25. h4 Ne7 26. c4
Nc6 27. Qe2 Nd4 28. Qxh5 g6 29. Qh6 Bg7 30. Qg5 Rd7 31. Bxd4 exd4 32. Re1
Rb8 33. e5 Re8 34. Nf6+ Bxf6 35. exf6 Qc6+ 36. Kg1 Re6 37. Qh6 1-0

[Event "Najdorf Memorial"]
[Site "Warsaw POL"]
[Date "2023.07.11"]
[Round "1.11"]
[White "Janeczko, Jakub"]
[Black "Kowalski, Igor"]
[Result "1-0"]
[WhiteElo "2085"]
[BlackElo "2380"]

1. e4 c6 2. d4 d5 3. f3 e6 4. Be3 Qb6 5. Nd2 Qxb2 6. Bd3 Qa3 7. Ne2 b6 8.
Nb3 Ba6 9. O-O Bxd3 10. Qxd3 Nf6 11. e5 Nfd7 12. f4 g6 13. g4 c5 14. c4 Nc6
15. cxd5 Nb4 16. Qe4 exd5 17. Qf3 c4 18. f5 g5 19. Nc3 Rc8 20. e6 Nf6 21.
Bxg5 Be7 22. Nb5 Qa6 23. Bxf6 Bxf6 24. Nd6+ Ke7 25. Nxc8+ Rxc8 26. g5 Rg8
27. h4 cxb3 28. Kh1 Bxd4 29. Qf4 Qc4 30. axb3 Be5 31. Rxa7+ Kd6 32. bxc4
Bxf4 33. exf7 Rf8 34. Rxf4 Nc6 35. g6 1-0

[Event "Najdorf Memorial"]
[Site "Warsaw POL"]
[Date "2023.07.11"]
[Round "1.12"]
[White "Cukrowski, Filip"]
[Black "Korbal, Arkadiusz"]
[Result "1-0"]
[WhiteElo "2378"]
[BlackElo "2080"]

1. d4 d5 2. c4 c6 3. Nc3 Nf6 4. Nf3 dxc4 5. a4 Bf5 6. Ne5 Nbd7 7. Nxc4 Nb6
8. Ne3 Bg6 9. g3 e6 10. Bg2 a5 11. O-O Bb4 12. Nc2 O-O 13. e3 e5 14. Nxb4
axb4 15. dxe5 bxc3 16. exf6 Qxd1 17. Rxd1 Rxa4 18. Rxa4 Nxa4 19. bxc3 Nxc3
20. Re1 gxf6 21. Bb2 Ne4 22. f3 Nd6 23. Ba3 Nb5 24. Bxf8 Kxf8 25. Bf1 Nd6
26. e4 Ke7 27. Bd3 Kd7 28. g4 h5 29. h3 hxg4 30. hxg4 Bh7 31. Kf2 f5 32.
gxf5 f6 33. Rg1 Ne8 34. Bc4 1-0

[Event "Najdorf Memorial"]
[Site "Warsaw POL"]
[Date "2023.07.11"]
[Round "1.14"]
[White "Cherniaiev, Tykhon"]
[Black "Kondys, Piotr"]
[Result "1-0"]
[WhiteElo "2331"]
[BlackElo "2063"]

1. Nf3 Nf6 2. c4 e6 3. d4 d5 4. Nc3 Be7 5. Bg5 Nbd7 6. e3 h6 7. Bh4 O-O 8.
Qc2 a6 9. cxd5 exd5 10. Bd3 c6 11. O-O Re8 12. Rab1 Ne4 13. Bxe7 Qxe7 14.
Bxe4 dxe4 15. Nd2 Nf6 16. b4 Bf5 17. a4 Rad8 18. Rfc1 Qe6 19. Qb3 Nd5 20.
Ne2 Qg6 21. Ng3 Bg4 22. Rc5 Nf6 23. h3 Be6 24. Qd1 Rd5 25. Nb3 Rg5 26. Rxg5
Qxg5 27. Nc5 Bc8 28. Kh2 b6 29. Nb3 Nd5 30. Qd2 h5 31. a5 h4 32. Ne2 Re6
33. axb6 Rf6 34. Nf4 Nxb6 35. Nc5 Qf5 36. Qc2 g5 37. Nxe4 gxf4 38. Nxf6+
Qxf6 39. Qe4 fxe3 40. Qxe3 Be6 41. Ra1 Nd5 42. Qd2 Qf4+ 43. Qxf4 Nxf4 44.
Rxa6 Bd5 45. Ra5 Bc4 46. Rc5 Bb5 47. Rg5+ Kf8 48. Rg4 Nd3 49. Rxh4 Nxf2 50.
Rh8+ Ke7 51. Rb8 Ke6 52. h4 Kd5 53. Rf8 Ke6 54. Rg8 Be2 55. Re8+ 1-0

[Event "Najdorf Memorial"]
[Site "Warsaw POL"]
[Date "2023.07.11"]
[Round "1.15"]
[White "Zheng, Harry Z"]
[Black "Czerwonski, Aleksander"]
[Result "1-0"]
[WhiteElo "2063"]
[BlackElo "2326"]

1. e4 e5 2. Nf3 Nc6 3. Bb5 Bb4 4. c3 Ba5 5. O-O Nge7 6. Bxc6 Nxc6 7. b4 Bb6
8. b5 Ne7 9. Nxe5 d5 10. d3 Qd6 11. Nf3 Bg4 12. Nbd2 O-O-O 13. a4 dxe4 14.
Nxe4 Qd5 15. a5 Bc5 16. c4 Qf5 17. Nxc5 Qxc5 18. Ba3 Qf5 19. Bxe7 Rxd3 20.
Qc1 Bxf3 21. gxf3 f6 22. Ra3 Re8 23. Bc5 Red8 24. Rxd3 Rxd3 25. Be3 Qxf3
26. Bf4 h5 27. Bg3 g5 28. Qe1 h4 29. Qe6+ Rd7 30. a6 hxg3 31. fxg3 Qd3 32.
Rxf6 Qd4+ 33. Kg2 Qd2+ 34. Rf2 Qd6 35. Qe4 c6 36. axb7+ Kxb7 37. Ra2 Re7
38. bxc6+ Kc8 39. Qf5+ Qe6 40. Qxe6+ Rxe6 41. Rxa7 g4 42. Rf7 1-0

[Event "Najdorf Memorial"]
[Site "Warsaw POL"]
[Date "2023.07.11"]
[Round "1.16"]
[White "Deszczynski, Adam"]
[Black "Niezhentsev, Kyrylo"]
[Result "1-0"]
[WhiteElo "2321"]
[BlackElo "2057"]

1. c4 e5 2. Nc3 Nc6 3. Nf3 Nf6 4. g3 d5 5. cxd5 Nxd5 6. Bg2 Nb6 7. O-O Be7
8. a3 Be6 9. b4 a5 10. b5 Nd4 11. Rb1 Bf6 12. e3 Nxf3+ 13. Bxf3 Rb8 14. d3
O-O 15. Qc2 Qd7 16. Rd1 Bg4 17. Bxg4 Qxg4 18. Ne4 Nd5 19. d4 Rbd8 20. Bb2
exd4 21. Nxf6+ Nxf6 22. Rxd4 Rxd4 23. Bxd4 Nd5 24. Rd1 Qf3 25. e4 Nb6 26.
Re1 Na8 27. Qc3 Qxc3 28. Bxc3 a4 29. Rd1 Nb6 30. Rd4 c5 31. bxc6 bxc6 32.
Rb4 Nd7 33. Rxa4 h6 34. Ra7 Nf6 35. Bxf6 gxf6 36. Rc7 Ra8 37. Rxc6 Rxa3 38.
Rxf6 Kg7 39. Rf4 Ra2 40. g4 Kg6 41. Kg2 Ra4 42. f3 Ra2+ 43. Kg3 Re2 44. Rf5
Re1 45. h4 Rg1+ 46. Kf4 Rh1 47. h5+ Kg7 48. Ra5 Rf1 49. e5 Rf2 50. Ra7 Re2
51. Kf5 Re3 52. f4 Re1 53. Re7 1-0

[Event "Najdorf Memorial"]
[Site "Warsaw POL"]
[Date "2023.07.11"]
[Round "1.17"]
[White "Dylong, Antoni"]
[Black "Sriram, Jha"]
[Result "0-1"]
[WhiteElo "2039"]
[BlackElo "2315"]

1. e4 d6 2. d4 Nf6 3. Nc3 e5 4. dxe5 dxe5 5. Qxd8+ Kxd8 6. Bg5 Nd7 7. O-O-O
c6 8. Nf3 Ke8 9. Bxf6 gxf6 10. Nh4 Nc5 11. f3 b5 12. Kb1 Be6 13. Ne2 Rd8
14. Rxd8+ Kxd8 15. Ng3 h5 16. Be2 Bh6 17. Rd1+ Kc7 18. Ngf5 Bg5 19. g3 a5
20. a3 Rb8 21. b3 a4 22. b4 Nb7 23. Bd3 c5 24. c3 Rd8 25. Be2 Bd2 26. Kb2
Bb3 27. Rf1 cxb4 28. axb4 Bg5 29. Bxb5 Rd2+ 30. Kb1 a3 31. f4 exf4 32. gxf4
Bxh4 33. Nxh4 Nd6 34. c4 Nxe4 35. Rc1 Rb2+ 36. Ka1 Ra2+ 0-1

[Event "Najdorf Memorial"]
[Site "Warsaw POL"]
[Date "2023.07.11"]
[Round "1.18"]
[White "Kaczmarek, Aleksander"]
[Black "Markuszewski, Maksymilian"]
[Result "1-0"]
[WhiteElo "2313"]
[BlackElo "2039"]

1. e4 c5 2. Nf3 d6 3. d4 cxd4 4. Nxd4 Nf6 5. Nc3 a6 6. Qe2 e6 7. g4 h6 8.
Bg2 Qc7 9. h4 Nc6 10. Nxc6 bxc6 11. g5 hxg5 12. hxg5 Rxh1+ 13. Bxh1 Nd7 14.
Bd2 Bb7 15. O-O-O O-O-O 16. Bg2 Kb8 17. Rh1 d5 18. f4 d4 19. Na4 c5 20. Qc4
Qc6 21. b3 Qb5 22. Nb2 Nb6 23. Qxb5 axb5 24. Ba5 Ka7 25. a4 Ka6 26. Bxb6
Kxb6 27. axb5 Kxb5 28. Nc4 Bc6 29. Kd2 f5 30. Kd3 Bd6 31. Nxd6+ Rxd6 32. e5
Rd7 33. Bxc6+ Kxc6 34. Ra1 Kb5 35. Ra8 Kc6 36. Re8 Kd5 37. g6 Ra7 38. Rd8+
Kc6 39. Kc4 Ra1 40. Rd6+ Kc7 41. Kxc5 Rc1 42. Kxd4 Rxc2 43. Rxe6 Kd7 44.
Rd6+ Ke7 45. Kd3 Rf2 46. Ke3 Rb2 47. Rb6 Rb1 48. b4 Rb3+ 49. Kd4 Rf3 50. b5
Rxf4+ 51. Kd5 Rg4 52. Rb7+ Kf8 53. e6 Rxg6 54. Kd6 1-0

[Event "Najdorf Memorial"]
[Site "Warsaw POL"]
[Date "2023.07.11"]
[Round "1.19"]
[White "Budzisz, Adrian"]
[Black "Yezhel, Valiantsin"]
[Result "0-1"]
[WhiteElo "2037"]
[BlackElo "2284"]

1. Nf3 d5 2. d4 e6 3. g3 c5 4. Bg2 Nf6 5. O-O Nc6 6. b3 cxd4 7. Nxd4 Bc5 8.
Bb2 O-O 9. c4 Qb6 10. Nxc6 bxc6 11. Nc3 Be7 12. cxd5 cxd5 13. e4 Ba6 14.
Re1 Bc5 15. Qf3 dxe4 16. Nxe4 Nxe4 17. Rxe4 f5 18. Rh4 Rad8 19. Qh5 Bxf2+
20. Kh1 h6 21. Bxg7 Kxg7 22. Qxh6+ Kf7 23. Qh7+ Ke8 24. Rb4 Qd6 25. Bf3 Rd7
26. Qh5+ Kd8 27. Qh4+ Kc8 28. Rc1+ Bc5 29. Ra4 Bb7 30. Rxc5+ Qxc5 31. Rc4
Bxf3# 0-1

[Event "Najdorf Memorial"]
[Site "Warsaw POL"]
[Date "2023.07.11"]
[Round "1.20"]
[White "Chomczyk, Marek"]
[Black "Saveljevs, Aleksandrs"]
[Result "1-0"]
[WhiteElo "2277"]
[BlackElo "2028"]

1. c4 c5 2. g3 g6 3. Bg2 Bg7 4. Nc3 Nc6 5. Nf3 d6 6. O-O e5 7. a3 a5 8. d3
Nge7 9. Ne1 Be6 10. Bg5 f6 11. Bd2 O-O 12. Nd5 Bxd5 13. cxd5 Nd4 14. e3 Nb5
15. b4 axb4 16. axb4 b6 17. Nc2 Qd7 18. Qb1 Rxa1 19. Qxa1 Nc8 20. Qa4 Rf7
21. Rb1 Nba7 22. Qxd7 Rxd7 23. Bh3 Rb7 24. Na3 Kf8 25. e4 Ke7 26. Kf1 Kd8
27. Ke2 Kc7 28. f4 Kb8 29. fxe5 dxe5 30. Nc4 b5 31. Na5 Rc7 32. bxc5 Rxc5
33. Rb2 Kc7 34. Nb3 Bf8 35. Bb4 Kb6 36. Bxc5+ Bxc5 37. Nxc5 Kxc5 38. Bxc8
Nxc8 39. Rc2+ 1-0

[Event "Najdorf Memorial"]
[Site "Warsaw POL"]
[Date "2023.07.11"]
[Round "1.21"]
[White "Zaninotto, Franco"]
[Black "Ladan, Nicholas"]
[Result "0-1"]
[WhiteElo "2026"]
[BlackElo "2260"]

1. e4 e5 2. Nf3 Nc6 3. Nc3 Nf6 4. Bb5 Nd4 5. Nxd4 exd4 6. e5 dxc3 7. exf6
Qxf6 8. dxc3 Bc5 9. Qe2+ Qe6 10. Bc4 Qxe2+ 11. Bxe2 d6 12. O-O Be6 13. Bd3
a5 14. Re1 a4 15. a3 Ra5 16. b4 axb3 17. cxb3 Ra8 18. b4 Ba7 19. Bb2 d5 20.
c4 dxc4 21. Bxc4 O-O 22. Bxe6 fxe6 23. Re2 Rad8 24. Kf1 Bxf2 25. Rxf2 Rxf2+
26. Kxf2 Rd2+ 27. Kf3 Rxb2 28. Rd1 Rc2 29. Rd7 b5 30. h4 Rc3+ 31. Kf4 Rxa3
32. Rxc7 Rb3 33. Ke5 Rxb4 34. h5 h6 35. Kxe6 Rb1 36. g4 b4 37. Rb7 b3 38.
Kf5 Kh7 39. Ke4 b2 40. Kd3 Kg8 41. Kc2 Rg1 42. Rb4 b1=Q+ 43. Rxb1 Rxb1 0-1

[Event "Najdorf Memorial"]
[Site "Warsaw POL"]
[Date "2023.07.11"]
[Round "1.22"]
[White "Mickiewicz, Piotr"]
[Black "Dalkowski, Rafal"]
[Result "1-0"]
[WhiteElo "2245"]
[BlackElo "2025"]

1. b3 d5 2. Bb2 Bg4 3. Nf3 Nd7 4. e3 Ngf6 5. h3 Bxf3 6. Qxf3 c6 7. c4 e6 8.
Nc3 Bd6 9. d4 a6 10. Bd3 b5 11. O-O O-O 12. Qe2 Re8 13. cxb5 cxb5 14. f4 b4
15. Na4 Ne4 16. Rfc1 f5 17. Rc6 Ndf6 18. Rac1 g5 19. Nb6 Rb8 20. Nc8 g4 21.
Bxe4 Nxe4 22. hxg4 Ng3 23. Qf3 Qh4 24. gxf5 Bxf4 25. exf4 exf5 26. Rh6 Qxh6
27. Qxg3+ Kh8 28. Na7 Re2 29. Qf3 Rxb2 30. Nc6 Rg8 31. Ne5 Qg7 32. g4 Qb7
33. g5 Rc8 34. Rc5 Rc2 35. Qh5 Rc1+ 36. Kh2 R1xc5 37. dxc5 Rxc5 38. Qe8+
Kg7 39. Nd7 Rc7 40. Qf8+ Kg6 41. Ne5+ 1-0

[Event "Najdorf Memorial"]
[Site "Warsaw POL"]
[Date "2023.07.11"]
[Round "1.23"]
[White "Zhuk, Ivan"]
[Black "Kovalevsky, Stanislav"]
[Result "1-0"]
[WhiteElo "2017"]
[BlackElo "2226"]

1. e4 c6 2. d4 d5 3. exd5 cxd5 4. h3 Nc6 5. Nf3 Nf6 6. Bd3 g6 7. O-O Bg7 8.
Re1 O-O 9. c3 Nd7 10. Bf4 Re8 11. Nbd2 e5 12. dxe5 Ndxe5 13. Nxe5 Nxe5 14.
Bxe5 Bxe5 15. Nf3 Bc7 16. Rxe8+ Qxe8 17. Bc2 Be6 18. Bb3 Qd7 19. Qd2 Qd6
20. Rd1 Rd8 21. Qd4 a6 22. Qh4 Qf4 23. Qxf4 Bxf4 24. c4 d4 25. Rxd4 Rxd4
26. Nxd4 Be5 27. Nxe6 fxe6 28. c5 Kf7 29. Bc2 Bxb2 30. Be4 Bd4 31. Bxb7
Bxc5 32. Bxa6 Ba3 33. Kf1 e5 34. Ke2 Ke6 35. Bb7 g5 36. g4 h6 37. Kd3 Kd6
38. Ke4 Ke6 39. Bc8+ Kf6 40. f3 Bb4 41. a4 Bc3 42. Kd5 Ke7 43. Bf5 Kf6 44.
Kc4 Be1 45. Kb5 h5 46. a5 h4 47. a6 Bf2 48. Kc6 Ke7 49. Be4 1-0

[Event "Najdorf Memorial"]
[Site "Warsaw POL"]
[Date "2023.07.11"]
[Round "1.24"]
[White "Karpus, Michal"]
[Black "Biesiadecki, Adam"]
[Result "1-0"]
[WhiteElo "2212"]
[BlackElo "2015"]

1. e4 e5 2. f4 d5 3. exd5 exf4 4. Nf3 Nf6 5. Bb5+ Nbd7 6. c4 Qe7+ 7. Qe2 a6
8. Bxd7+ Bxd7 9. d4 Qxe2+ 10. Kxe2 Nh5 11. Nc3 Bb4 12. Ne5 Bxc3 13. bxc3 f6
14. Nxd7 Kxd7 15. Kf3 g5 16. g3 f5 17. Rb1 g4+ 18. Kf2 f3 19. Rxb7 Rae8 20.
Be3 f4 21. gxf4 Re7 22. c5 Rhe8 23. d6 Rxe3 24. Rxc7+ Ke6 25. Kxe3 Kd5+ 26.
Kd2 Re2+ 27. Kd1 Kc4 28. d7 Kxc3 29. Re1 Rd2+ 30. Kc1 Re2 31. Rd1 f2 32.
d8=Q Re1 33. Qe7 1-0

[Event "Najdorf Memorial"]
[Site "Warsaw POL"]
[Date "2023.07.11"]
[Round "1.25"]
[White "Taranowicz, Michal"]
[Black "Mulawa, Cyprian"]
[Result "0-1"]
[WhiteElo "2005"]
[BlackElo "2202"]

1. e4 c5 2. Nf3 Nc6 3. Bb5 e6 4. Bxc6 bxc6 5. d3 Ne7 6. Qe2 Ng6 7. e5 Be7
8. Na3 f6 9. exf6 Bxf6 10. h4 d6 11. Nc4 e5 12. h5 Ne7 13. Bd2 O-O 14.
O-O-O Nd5 15. Rdg1 Bg4 16. Qe4 Qd7 17. Nh4 Nf4 18. Bxf4 exf4 19. Nd2 Rab8
20. c3 d5 21. Qa4 Bxh5 22. Nb3 Bf7 23. Qxf4 c4 24. dxc4 dxc4 25. Nc5 Qe7
26. Ne4 Be5 27. Qg4 Bd5 28. Re1 Bf4+ 29. Nd2 Bxd2+ 30. Kxd2 Rxb2+ 31. Kc1
Qa3 0-1

[Event "Najdorf Memorial"]
[Site "Warsaw POL"]
[Date "2023.07.11"]
[Round "1.26"]
[White "Mueller, Magnus"]
[Black "Tsiapko, Andrii"]
[Result "1/2-1/2"]
[WhiteElo "2201"]
[BlackElo "1996"]

1. e4 c5 2. c3 Nf6 3. e5 Nd5 4. Nf3 Nc6 5. Bc4 Nb6 6. Bb3 d5 7. exd6 Qxd6
8. O-O Be6 9. Bxe6 Qxe6 10. Re1 Qd7 11. a4 e6 12. a5 Nd5 13. a6 b5 14. d4
Be7 15. dxc5 Bxc5 16. Nbd2 O-O 17. Ne4 Be7 18. Qe2 Rab8 19. Be3 Nxe3 20.
Qxe3 Rfd8 21. h3 h6 22. Nc5 Bxc5 23. Qxc5 Qd5 24. Qe3 b4 25. Rec1 bxc3 26.
bxc3 Qd3 27. Qc5 Qd5 28. Qe3 Qd3 29. Qc5 Qb5 30. Qa3 Rd3 31. Qa4 Qxa4 32.
Rxa4 e5 33. Kf1 f6 34. Ke2 Rd6 35. Rc2 Kf7 36. Nh4 Ke6 37. Nf3 Rb6 38. Nd2
Ne7 39. Ne4 Rdc6 40. Ra5 Nd5 41. Nc5+ Ke7 42. g3 Ke8 43. h4 Nc7 44. Rca2
Nb5 45. Na4 Nxc3+ 46. Nxc3 Rxc3 47. Rd2 Ke7 48. h5 Rcc6 49. Ra4 f5 50. Ra5
Rxa6 51. Rxe5+ Re6 52. Rxe6+ Rxe6+ 53. Kf3 a5 54. Kf4 a4 55. Kxf5 a3 56.
Ra2 Ra6 57. f4 Kf7 58. g4 Ra5+ 59. Ke4 Ke6 60. Ke3 Ra4 61. Kf3 Kd5 62. g5
hxg5 63. fxg5 Kc4 64. Ra1 Kb3 65. Rb1+ Kc2 66. Rh1 a2 67. h6 gxh6 68. gxh6
a1=Q 69. Rxa1 Rxa1 70. Kg4 Kd3 71. Kf5 Ra6 72. Kg5 Ke4 73. h7 Ra8 74. Kf6
Kf4 75. Kg7 Ra7+ 76. Kg6 Ra6+ 77. Kg7 Ra7+ 78. Kg6 Rxh7 79. Kxh7 1/2-1/2

[Event "Najdorf Memorial"]
[Site "Warsaw POL"]
[Date "2023.07.11"]
[Round "1.27"]
[White "Lecki, Leonard"]
[Black "Fiszer, Bartosz"]
[Result "0-1"]
[WhiteElo "1995"]
[BlackElo "2194"]

1. e4 c5 2. Nf3 Nc6 3. d4 cxd4 4. Nxd4 Nf6 5. Nc3 d6 6. Be2 g6 7. Be3 Bg7
8. O-O O-O 9. Nb3 Be6 10. f4 Qc8 11. Kh1 Rd8 12. Bf3 Bc4 13. Rf2 b5 14. Rd2
b4 15. Nd5 Nd7 16. Nd4 Bxd5 17. exd5 Nxd4 18. Bxd4 Qb7 19. Re2 Re8 20. Bxg7
Kxg7 21. Qd4+ Nf6 22. Rae1 Rac8 23. g4 Qb6 24. Qxb6 axb6 25. Rxe7 Rxe7 26.
Rxe7 Rxc2 27. g5 Ng8 28. Rb7 Rf2 29. Bg2 Rxb2 30. Bh3 Rf2 31. Rxb6 Ne7 32.
Rxd6 Rxa2 33. f5 gxf5 34. Rd7 Ng6 35. Bxf5 Nh4 36. g6 Ra1+ 0-1

[Event "Najdorf Memorial"]
[Site "Warsaw POL"]
[Date "2023.07.11"]
[Round "1.28"]
[White "Zdybel, Przemyslaw"]
[Black "Wojtaszewski, Piotr"]
[Result "0-1"]
[WhiteElo "2188"]
[BlackElo "1994"]

1. e4 e6 2. d4 d5 3. Nc3 Bb4 4. e5 c5 5. a3 Bxc3+ 6. bxc3 Ne7 7. h4 b6 8.
Bb5+ Bd7 9. Bd3 Ba4 10. h5 h6 11. f4 Qc7 12. dxc5 bxc5 13. Nf3 Nd7 14. g4
Rb8 15. c4 Qc6 16. cxd5 exd5 17. O-O Bb5 18. f5 Bxd3 19. cxd3 f6 20. Qe2
Qa4 21. Qg2 Nxe5 22. Nxe5 fxe5 23. Bb2 d4 24. Rae1 Qc6 25. Qh2 O-O 26. Rxe5
Qd6 27. Bc1 Rb3 28. Bf4 Nd5 29. Re6 Qd7 30. Bd6 Re8 31. Qe5 Nf6 32. Re1 Rd8
33. Qxc5 Rb5 34. Qc4 Kh8 35. Be7 Rc8 36. Qa4 Nxg4 37. Rd6 Qxf5 38. Qxd4
Qxh5 39. Qf4 Ne5 40. Rf1 Ng6 41. Qe4 Nxe7 42. Qxe7 Rg5+ 43. Kf2 Rc2+ 0-1

[Event "Najdorf Memorial"]
[Site "Warsaw POL"]
[Date "2023.07.11"]
[Round "1.29"]
[White "Kazmierowski, Tymon"]
[Black "Zalega, Maciej"]
[Result "0-1"]
[WhiteElo "1993"]
[BlackElo "2182"]

1. e4 c5 2. Nf3 Nc6 3. d4 cxd4 4. Nxd4 Nf6 5. Nc3 d6 6. f3 e5 7. Nb3 Be7 8.
Be3 O-O 9. Qd2 Be6 10. O-O-O a5 11. Bb5 Nb4 12. g4 Nxa2+ 13. Nxa2 a4 14.
Bxa4 Rxa4 15. Nc3 Qa8 16. Kb1 Qa6 17. Nd5 Bxd5 18. exd5 Ra8 19. c3 Qc4 20.
Kc2 Rb4 21. Nc1 Rb5 22. Qd3 Qa4+ 23. b3 Rxb3 24. Kd2 Rb2+ 25. Ke1 Nxg4 26.
fxg4 Bh4+ 27. Kf1 Qxg4 28. Rd2 Qf3+ 29. Kg1 Rb1 30. Rd1 Rxc1 0-1

[Event "Najdorf Memorial"]
[Site "Warsaw POL"]
[Date "2023.07.11"]
[Round "1.30"]
[White "Kowalczyk, Rafal"]
[Black "Majocha, Piotr"]
[Result "1-0"]
[WhiteElo "2173"]
[BlackElo "1979"]

1. e4 e6 2. d4 d5 3. e5 c5 4. c3 Nc6 5. Nf3 Bd7 6. a3 c4 7. Nbd2 Na5 8. Rb1
Ne7 9. g3 Bc6 10. Bg2 Qd7 11. Qe2 Ba4 12. Nf1 Bb3 13. Bf4 h6 14. h4 O-O-O
15. h5 Kb8 16. g4 Ka8 17. Ne3 f6 18. Bg3 Nec6 19. O-O fxe5 20. Bxe5 Bd6 21.
Bxd6 Qxd6 22. Nh4 Ne7 23. f4 Nac6 24. Rbe1 Rhf8 25. f5 e5 26. dxe5 Qxe5 27.
Qf2 Qd6 28. Qf4 Qc5 29. Nf3 d4 30. cxd4 Nxd4 31. Kh1 Nxf3 32. Qxf3 Qc7 33.
Qe4 Rfe8 34. Nd5 Nxd5 35. Qxe8 Nf6 36. Qe7 Rd7 37. Qe5 Qb6 38. Qe3 Nxg4 39.
Qxb6 axb6 40. Re8+ Ka7 41. Rfe1 Bc2 42. R8e7 Bxf5 43. Rxd7 Bxd7 44. Re7 Bf5
45. Bxb7 Kb8 46. Bf3 Kc8 47. Kg2 Nf6 48. Rxg7 Ne4 49. Bxe4 Bxe4+ 50. Kg3
1-0